000 01291nam a2200325Ia 4500
001 ebr10172641
003 CaPaEBR
006 m u
007 cr cn|||||||||
008 060711s2006 enk sb 001 0 eng d
020 _z9781403974464 (hbk.)
020 _z1403974462 (hbk.)
040 _aCaPaEBR
_cCaPaEBR
035 _a(OCoLC)182530561
050 1 4 _aPN501
_b.O84 2006eb
082 0 4 _a809
_222
245 0 0 _aOther renaissances
_h[electronic resource] :
_ba new approach to world literature /
_cedited by Brenda Deen Schildgen, Zhou Gang and Sander L. Gilman.
260 _aBasingstoke :
_bPalgrave Macmillan,
_c2006.
300 _a256 p.
504 _aIncludes bibliographical references and index.
533 _aElectronic reproduction.
_bPalo Alto, Calif. :
_cebrary,
_d2009.
_nAvailable via World Wide Web.
_nAccess may be limited to ebrary affiliated libraries.
650 0 _aLiterature
_xHistory and criticism.
650 0 _aLiterary movements.
655 7 _aElectronic books.
_2local
700 1 _aSchildgen, Brenda Deen,
_d1942-
700 1 _aZhou, Gang,
_d1966-
700 1 _aGilman, Sander L.
710 2 _aebrary, Inc.
856 4 0 _uhttp://site.ebrary.com/lib/rucke/Doc?id=10172641
_zAn electronic book accessible through the World Wide Web; click to view
999 _c138623
_d138623